000 00960nam a22003017a 4500
001 BR2013005337
003 BR-BrBNA
005 20230928104215.0
007 ta
008 230509b bl.||||| |||| 00| 0 por d
040 _aBR-BrBNA
_bpor
_cBiblioteca Nacional de Agricultura
041 _a(Por)
072 _aD10; C10
090 _ D10 BR2013005337
100 1 _aAndrade, G.H.N. de
110 1 _aUniversidade Federal de Lavras, MG (Brasil)
_0Tese (Mestrado)
245 1 _aCompetências de trabalhadores egressos de cursos a distância: a percepção dos gestores d pessoas do setor industrial de Minas Gerais
260 3 _aLavras, MG (Brasil):
_c2013.
300 _a126 p.
500 _aSummaries (Eng, Por); Bibliography p. 107-120; 22 tables
650 _aADMINISTRAÇÃO
650 _aCURSO
650 _aTRABALHADOR
650 _aGESTÃO
650 _aADMINISTRAÇÃO DE PESSOAL
909 _a202309
_bLucia
_c55
_dLucia Elande
942 _cBK
999 _c78691
_d78691